Miasta województwa Dolnośląskiego według opisu - Statystyki

Ogólne statystyki
  • Ten quiz został rozwiązany 29 razy
  • Średni wynik to 6 z 9
Statystyki odpowiedzi
Opis Miasto % Poprawnych
Miasto związane ze złotym pociągiem Wałbrzych
90%
Dawna stolica Księstwa Lwóweckiego Lwówek Śląski
83%
Dawniej Kąty Śląskie Kąty Wrocławskie
76%
Położone u podnóża Gór Sowich największe miasto bez powiatu w województwie Bielawa
72%
Miasto jest siedzibą gminy, w której znajduje się m.in. Elektrownia Turów Bogatynia
72%
Niemiecka nazwa to Hirschberg im Riesengebirge Jelenia Góra
62%
Miasto, o którym wspomniano w filmie "Miś". Skojarz z Londynem Lądek-Zdrój
59%
Uzdrowiskowe miasto. Z języka czeskiego Starý Bor Polanica-Zdrój
38%
Miasto i nazwa rzeki przy której leży Oleśnica
7%
Nie znaleziono quizów pasujących do podanych kryteriów
Rozkład punktacji
Procent ludzi z każdym wynikiem
Percentyl według liczby udzielonych odpowiedzi
Twoja historia wyników
Nie rozwiązałeś tego quizu